Diagnosis unknown : our journey to an unconventional cure /

Bibliographic Details
Main Author: Smith, Randy
Corporate Author: NetLibrary, Inc
Format: eBook
Language:English
Published: Charlottesville, VA : Hampton Roads Pub. Co., [1997]
Subjects:
Online Access:Connect to the full text of this electronic book

MARC

Tag First Indicator Second Indicator Subfields
LEADER 00000cam a2200000La 4500
001 in00001756913
005 20220105122220.0
006 m u
007 cr cn-
008 010309s1997 vau sb 000 0 eng d
010 |z  97212641  
020 |a 0585354863 (electronic bk.) :  |c $12.95 
020 |z 1571740651 (pbk.) 
035 |a (OCoLC)ocm47008226 
035 |a 54331  |b (N$T) 
040 |a N$T  |c N$T  |d OCL  |d UtOrBLW 
043 |a n-us--- 
049 |a IKMN 
050 1 4 |a R723  |b .S65 1997eb 
100 1 |a Smith, Randy.  |0 http://id.loc.gov/authorities/names/n97114161 
245 1 0 |a Diagnosis unknown :  |b our journey to an unconventional cure /  |c Randy Smith. 
264 1 |a Charlottesville, VA :  |b Hampton Roads Pub. Co.,  |c [1997] 
264 4 |c ©1997 
300 |a 253 pages ;  |c 22 cm. 
336 |a text  |b txt  |2 rdacontent 
337 |a computer  |b c  |2 rdamedia 
338 |a online resource  |b cr  |2 rdacarrier 
504 |a Includes bibliographical references (pages 249-253). 
533 |a Electronic reproduction.  |b Boulder, Colo. :  |c NetLibrary,  |d 2001.  |n Available via World Wide Web.  |n Access may be limited to NetLibrary affiliated libraries. 
500 |a Electronic resource. 
650 0 |a Naturopathy  |x Healing systems. 
650 0 |a Healing  |x Medicine, Alternative. 
650 0 |a Medical care  |z United States.  |0 http://id.loc.gov/authorities/subjects/sh85082887 
655 7 |a Electronic books.  |2 local 
710 2 |a NetLibrary, Inc.  |0 http://id.loc.gov/authorities/names/no99080690 
776 0 |c Original  |w (DLC) 97212641 
856 4 1 |u https://proxy.library.tamu.edu/login?url=http://www.netLibrary.com/urlapi.asp?action=summary&v=1&bookid=54331  |z Connect to the full text of this electronic book  |t 0 
994 |a 92  |b IKM 
999 |a MARS 
999 f f |s 5c30141c-3004-3d24-888e-8527dff8cb1d  |i bbbce287-5ede-3e65-b30a-52a4a660c19b  |t 0 
952 f f |a Texas A&M University  |b College Station  |c Electronic Resources  |d Available Online  |t 0  |e R723 .S65 1997eb  |h Library of Congress classification 
998 f f |a R723 .S65 1997eb  |t 0  |l Available Online